00927nam a2200241Ia 4500003000900000008004100009020003100050022002200081022002300103040001600126100002800142245006400170260003100234300001300265490002800278700002500306700002400331700002600355856010800381942000700489999001700496952017200513IN-BaIIA211028s9999 xx s 000 0 eng d a978-2-7598-0460-3 (Online) a1633-4760 (Print) a1638-1963 (Online) cIIA Library aGoupil, M., ed. 938190 0aNonlinear Pulsations and Hydrodynamics of Cepheidsh[eBook] aFrancebEDP Sciencesc2009 av, 183p. aEAS Publications Series aKervella, P. 938191 aKollath, Z. 938192 aNardetto, N. 938193 uhttps://www.eas-journal.org/articles/eas/abs/2009/05/contents/contents.htmlyClick Here to Access eBook cEB c20632d20632 00104070aBANbBANd2013-01-01eEDP ScienceshV. 38l0pEB92r2021-11-05uhttps://www.eas-journal.org/articles/eas/abs/2009/05/contents/contents.htmlw2021-11-05yEB